Statistics for Denver Trivia

Click here to take the quiz!

General Stats

  • This quiz has been taken 117 times
  • The average score is 9 of 16

Answer Stats

HintAnswer% Correct
Rockies Baseball StadiumCoors Field
80%
Denver Broncos legend #7John Elway
80%
Scent legally wafting around Denver since 2012Marijuana
78%
World-famous amphitheater and Denver parkRed Rocks
76%
Elevation in feet, local magazine title and name of lots of other stuff5280
70%
Material on the state Capitol domeGold
67%
Main river through DenverSouth Platte
66%
Giant Mexican-themed restaurant with indoor cliff divers (South Park reference...)Casa Bonita
64%
Palindrome local area code303
56%
Former Mayor, now Colorado GovernorJohn Hickenlooper
55%
Smaller of 2 rivers running through downtown - namesake of an upscale mall & neighborhoodCherry Creek
54%
Popular pedestrian area Downtown with free shuttles16th Street Mall
50%
Historic District where the above is locatedLoDo
48%
Nickname of the wild-eyed blue horse statue outside Denver International AirportBlucifer
37%
Popular jogging spot and neighborhood in South DenverWash Park
26%
Famous brewery started by the aboveWynkoop
20%

Score Distribution

Percentile by Number Answered

Percent of People with Each Score

Your Score History

You have not taken this quiz